000 00381cam a22001217a 4500
008 180718b1985 xxu||||| |||| 00| 0 eng d
082 _aA81x54 In2/81/1/Pt2A/1
100 _aCensus of India 1981
245 _aIndia: general population tables
260 _aDelhi
_bController of Publications
_c1985
300 _a875p.
440 _aCensus of India 1981. Series-1, India. Part II-A (i)
999 _c481838
_d481838